Finish the Musical Song Quiz Stats

Quiz Updated Aug 29, 2017

Challenge
Share
Tweet
Embed
Score 0/22 Timer 04:00
0 Plays Today
Start of title Rest of title % Correct
Ding Dong!...The Witch Is Dead
95.1%
You're the One...That I Want
88.2%
Diamonds Are...A Girl's Best Friend
86.1%
Don't Cry...For Me Argentina
82.4%
There's No Business...Like Show Business
80.1%
If I Were...A Rich Man
79.5%
Sixteen...Going on Seventeen
79.4%
The Music...Of the Night
68.5%
Luck...Be a Lady
68%
I Could Have...Danced All Night
62.3%
Food...Glorious Food
60.1%
Start of title Rest of title % Correct
Let's Go...Fly a Kite
59.9%
I'm Gonna Wash...That Man Right Outta My Hair
57.1%
Take a...Chance on Me
56.1%
Oh, What...A Beautiful Mornin'
56.1%
You Can't...Stop the Beat
50.2%
Springtime...For Hitler
49.6%
Thank Heaven...For Little Girls
46.3%
Master...Of the House
40.2%
I Don't Know...How to Love Him
35.7%
Let's Call...The Whole Thing Off
30.8%
Put On...Your Sunday Clothes
12.7%

You're not logged in!

Compare scores with friends on all Sporcle quizzes.
Sign Up with Email
OR
Log In

You Might Also Like...

Show Comments

Extras

Top Quizzes Today


Score Distribution

Your Account Isn't Verified!

In order to create a playlist on Sporcle, you need to verify the email address you used during registration. Go to your Sporcle Settings to finish the process.